000 02340cam a2200553 a 4500
001 20828
003 VRT
005 20260204165332.0
008 240226s1990 xo a jr 000 f slo
015 _aSNBA1990/04
020 _a8006002606
_q(súb. ;
_qviazané)
020 _a8006002614
_q(2. zv. ;
_qviazané)
020 _a8006001286
_q(1. zv. ;
_qviazané)
020 _a8006002622
_q(3. zv. ;
_qviazané)
035 _aSNK000004139
035 _aurn:nbn:sk:snk-amjait
035 _aurn:nbn:sk:snk-am003e9u
035 _a4D6A826C-304D-4C90-81F7-9DFB76BED61B
039 9 _a202402261431
_bVLOAD
_c202305061445
_dAUTHORITY
_c202305061442
_dAUTHORITY
_c202304260818
_dmsnk115
040 _aSNK
_bslo
_cSNK
_eAACR2
041 1 _aslo
_heng
044 _axo
_cSK
100 1 _aArden, William,
_d1924-2005
_4aut
240 1 0 _aAlfred Hitchcock and the three investigators in the mystery of the shrinking house
_lSlovensky
245 1 0 _aZáhada zmenšujúceho sa domu
_ctext podľa postáv Roberta Arthura napísal William Arden ; [z anglického originálu Alfred Hitchcock and the three investigators in the mystery of the shrinking house ... preložil Ondrej Laurinc ; ilustroval Marián Oravec]
250 _a1. vyd.
260 _aBratislava
_bMladé letá
_c1990
300 _a119 strán
_bilustrácie
_c21 cm
366 _e34000 kusov
490 1 _aKlub mladých čitateľov
490 1 _aAlfred Hitchcock a traja pátrači
500 _aIlustrácie na frontispice. Výslovnosť cudzích mien a názvov na strane 119
521 1 _aPre čitateľov od 9 rokov
655 7 _aamerické romány
_2SNKPH
655 7 _adetektívne romány
_2SNKPH
655 7 _aliteratúra pre deti a mládež
_2SNKPH
700 1 _aLaurinc, Ondrej
_4trl
700 1 _aOravec, Marián,
_d1958-
_4ill
700 1 _aArthur, Robert,
_d1909-1969
_4aut
830 0 _aKlub mladých čitateľov
830 0 _aAlfred Hitchcock a traja pátrači
942 _2ddc
_cKLDE
_n0
949 _617A0068018
_9P60, <05>, [BOOK], {605}
_asnkSC 75171/2 D1
_bsnkKSP 3261/90
_s6100:20140925
949 _6273K0459916
_asvkpoA 148772
_bsvkpo362899
949 _63869A00328
_abpksh820(73)(02.053.2)-32
_bbpksh46033
949 _617A0975416
_asnkSC 75171/2
_bsnkKSP 3260/90
949 _6270001000116145
_asvkbbA 72619
_bsvkbbm 546377
999 _c20828
_d20828